000
00301nam a22001217a 4500
008
230704b xxu||||| |||| 00| 0 eng d
020
_a
0813300541
082
_a
355.033
_b
LAI 1984
245
_a
The Soviet Union and Strategic Arms
260
_b
Westview Press
_c
1984
300
_a
160p
942
_2
ddc
_c
BK
999
_c
3753
_d
3753